中国机场代码 China’s Airport Codes #5 - Statistics

General Stats
  • This quiz has been taken 38 times
  • The average score is 8 of 15
Answer Stats
三字码 机场 % Correct
HKG 香港
100%
XMN 厦门/高崎
94%
HFE 合肥/新桥
86%
HAK 海口/美兰
78%
TSN 天津/滨海
69%
SHE 沈阳/桃仙
69%
NTG 南通/兴东
58%
WEH 威海/大水泊
50%
KWE 贵阳/龙洞堡
42%
LHW 兰州/中川
39%
LYG 连云港/花果山
28%
JGS 吉安/井冈山
22%
YIN 伊宁
19%
WUS 武夷山
19%
WMT 遵义/茅台
17%
No matching quizzes found
Score Distribution
Percent of People with Each Score
Percentile by Number Answered
Your Score History
You have not taken this quiz